[Event "Berlin Lichtenberger op 13th"]
[Site "Berlin"]
[Date "2014.08.22"]
[Round "7"]
[White "Feyer, Leon"]
[Black "Junge, Wolfgang"]
[Result "1-0"]
[WhiteElo "1660"]
[BlackElo "1848"]
[PlyCount "79"]
[EventDate "2014.08.16"]
[EventType "swiss"]
[EventRounds "9"]
[EventCountry "GER"]
[SourceTitle "CBM 161 Extra"]
[Source "ChessBase"]
[SourceDate "2014.08.29"]
[SourceVersion "1"]
[SourceVersionDate "2014.08.29"]
[SourceQuality "1"]

1. e4 e5 2. Bc4 Nf6 3. d3 Be7 4. Nf3 d6 5. c3 0-0 6. 0-0 Nbd7 7. Re1 Nb6 8. Bb3 Bg4 9. Nbd2 h6 10. Nf1 Nh7 11. h3 Be6 12. Bc2 Ng5 13. Ng3 Nxf3+ 14. Qxf3 Bg5 15. d4 Bxc1 16. Raxc1 Qg5 17. b3 Nc8 18. d5 Bd7 19. Bd3 Ne7 20. c4 Ng6 21. c5 Rac8 22. Rc2 Nf4 23. Bf1 h5 24. Kh2 h4 25. Ne2 Nxe2 26. Bxe2 f5 27. exf5 Rxf5 28. Qe3 Qf6 29. Bg4 Rf8 30. Bxf5 Bxf5 31. Rd2 dxc5 32. Qxe5 Qg6 33. Qxc7 Rf7 34. Re8+ Kh7 35. Qd8 Qa6 36. Qxh4+ Kg6 37. Qg3+ Kf6 38. Qe5+ Kg6 39. d6 Bxh3 40. Qg3+ 1-0

[Event "Berlin Lichtenberger op 13th"]
[Site "Berlin"]
[Date "2014.08.21"]
[Round "6"]
[White "Richter, Goetz"]
[Black "Feyer, Leon"]
[Result "1-0"]
[WhiteElo "2028"]
[BlackElo "1660"]
[PlyCount "49"]
[EventDate "2014.08.16"]
[EventType "swiss"]
[EventRounds "9"]
[EventCountry "GER"]
[SourceTitle "CBM 161 Extra"]
[Source "ChessBase"]
[SourceDate "2014.08.29"]
[SourceVersion "1"]
[SourceVersionDate "2014.08.29"]
[SourceQuality "1"]

1. e4 e5 2. Nf3 Nc6 3. d4 exd4 4. Nxd4 Bc5 5. Nxc6 bxc6 6. Bd3 d6 7. Nc3 Be6 8. Na4 Bd4 9. c3 Bf6 10. 0-0 Ne7 11. f4 0-0 12. Qe2 Nc8 13. g4 Be7 14. c4 Nb6 15. Nc3 f6 16. Be3 Qd7 17. h3 d5 18. cxd5 cxd5 19. exd5 Nxd5 20. Nxd5 Bxd5 21. Rfd1 Qc6 22. Rac1 Qd7 23. Bb5 Qe6 24. Rxd5 a6 25. Bc4 1-0

[Event "GER-chT North U14"]
[Site "Magdeburg"]
[Date "2013.09.12"]
[Round "2.2"]
[White "Balazs, Balint"]
[Black "Feyer, Leon"]
[Result "1-0"]
[WhiteElo "1938"]
[BlackElo "1462"]
[PlyCount "91"]
[EventDate "2013.09.12"]
[EventType "team-swiss"]
[EventRounds "7"]
[EventCountry "GER"]
[SourceTitle "EXT 2014"]
[Source "ChessBase"]
[SourceDate "2013.11.20"]
[SourceVersion "1"]
[SourceVersionDate "2013.11.20"]
[SourceQuality "1"]
[WhiteTeam "Hagen"]
[BlackTeam "Berlin Empor"]
[WhiteTeamCountry "GER"]
[BlackTeamCountry "GER"]

1. e4 e5 2. Bc4 Nf6 3. d3 Bc5 4. Nc3 0-0 5. f4 d5 6. Nxd5 Ng4 7. f5 Nf2 8. Qh5 Nd7 9. Bg5 Nf6 10. Bxf6 gxf6 11. Qh6 Ng4 12. Qh3 Nf2 13. Qh4 Kg7 14. b4 Bd4 15. c3 Bxc3+ 16. Nxc3 Nxh1 17. Nge2 c6 18. 0-0-0 Qb6 19. Rxh1 Qxb4 20. Kc2 b5 21. Ng3 Rg8 22. Bb3 Bb7 23. Rg1 Qd6 24. Nh5+ Kf8 25. Nxf6 Rh8 26. Nxh7+ Kg8 27. Nf6+ Kg7 28. Qg5+ Kf8 29. h4 Ke7 30. Ng4+ Kf8 31. f6 Rh7 32. Nh6 Rxh6 33. Qxh6+ Ke8 34. Qg7 Qc7 35. Qg8+ Kd7 36. Qxf7+ Kd6 37. Qxc7+ Kxc7 38. g4 Kd6 39. g5 Bc8 40. g6 Be6 41. Bxe6 Kxe6 42. g7 Kf7 43. h5 Rg8 44. h6 Kxf6 45. h7 Rxg7 46. h8Q 1-0